00353nam a2200121Ia 4500008004100000041000800041082001400049100003400063245004500097260004800142300003000190365001100220240624s9999 xx 000 0 und d aeng a658.4 HBS aHARVARD BUSINESS SCHOOL PRESS aWINNING NEGOTIATIONS THAT PRESERVE RELAT c2004aBostonbHarvard Business School Press aix, : 161 : p. : cm. ; 21 cRSb30